Casa de colònies : activitats pedagògiques 'Democràcia i ciutadania' : orientacions per al professorat activitats pedagògiques 'Democràcia i ciutadania' :
Descripción Física:
[10] p. : fot. col. ; 21 cm
MARC
| LEADER | 00000nam a2200000Ia 4500 | ||
|---|---|---|---|
| 001 | 21069 | ||
| 003 | BGR | ||
| 005 | 20260324175957.0 | ||
| 008 | 160829s2006 xx 000 0 cat d | ||
| 080 | |a FU-30-25 | ||
| 245 | |a Casa de colònies : |b activitats pedagògiques 'Democràcia i ciutadania' : |b orientacions per al professorat | ||
| 260 | |a Barcelona : |b Diputació de Barcelona. Oficina de Gestió d'Esquipaments, |c 2006 | ||
| 300 | |a [10] p. : |b fot. col. ; |c 21 cm | ||
| 590 | |a A la part superior de la coberta: Equipaments | ||
| 650 | |a Colònies de vacances |x Barcelona |9 43083 | ||
| 650 | |a Democràcia |x Educació secundària obligatòria |x Llibres del mestre |9 43084 | ||
| 710 | 1 | |a Barcelona (Catalunya : Província). |b Diputació |9 52408 | |
| 901 | |a Arxiu | ||
| 942 | |n 1 |2 udc |c MON | ||
| 952 | |0 0 |1 0 |4 0 |6 FU3025 |7 1 |9 51161 |a Arxiu |b Arxiu |d 2016-12-01 |l 0 |o FU-30-25 |p 21069 |r 2016-12-01 00:00:00 |w 2016-12-01 |y ARXIU | ||
| 999 | |c 55004 |d 55004 | ||